Báo cáo khoa học chăn nuôi thú y: Phần dinh dưỡng và thức ăn vật nuôi/
.
Đã lưu trong:
| Tác giả chính: | |
|---|---|
| Định dạng: | Sách |
| Năm xuất bản: |
H.:
Nông nghiệp,
[Knxb]
|
| Chủ đề: | |
| Tags: |
Thêm thẻ
Không có thẻ, Hãy là người đầu tiên gắn thẻ bản ghi này!
|
| LEADER | 00937nam a2200169 4500 | ||
|---|---|---|---|
| 082 | |a 636.085 |b B 108 c | ||
| 100 | |a . | ||
| 245 | |a Báo cáo khoa học chăn nuôi thú y: |b Phần dinh dưỡng và thức ăn vật nuôi/ |c Phạm Hùng Cường,Nguyễn Xuân Trạch,Trần Quốc Việt,... | ||
| 260 | |a H.: |b Nông nghiệp, |c [Knxb] | ||
| 300 | |a 463tr.; |c 27cm | ||
| 520 | |a . | ||
| 653 | |a Chăn nuôi - Dinh dưỡng - Thức ăn | ||
| 942 | |2 ddc |c STK0 | ||
| 999 | |c 5946 |d 5946 | ||
| 952 | |0 0 |1 0 |2 ddc |4 0 |6 636_085000000000000_B_108_C |7 0 |8 600 |9 54463 |a qbu |b qbu |c D3 |d 2015-01-06 |g 80000 |o 636.085 B 108 c |p 6356.C1 |r 0000-00-00 |w 2015-01-06 |y STK0 | ||
| 952 | |0 0 |1 0 |2 ddc |4 0 |6 636_085000000000000_B_108_C |7 0 |8 600 |9 54464 |a qbu |b qbu |c D3 |d 2015-01-06 |g 80000 |o 636.085 B 108 c |p 6356.C2 |r 0000-00-00 |w 2015-01-06 |y STK0 | ||
| 952 | |0 0 |1 0 |2 ddc |4 0 |6 636_085000000000000_B_108_C |7 0 |8 600 |9 92147 |a qbu |b qbu |c D3 |d 2015-08-27 |o 636.085 B 108 c |p 6356.c3 |r 0000-00-00 |w 2015-08-27 |y STK0 | ||